01423 a2200169 45000010006000000050017000060080041000230030015000640400040000790800122001192450033002412500012002742640033002863000011003195050902003301000021012325015320260407155802.0260407a1952 arg spa dAR-UNSa-BCEJYS aAR-UNSa-BCEJYSbspacAR-UNSa-BCEJYS a101.1xNaturaleza de la filosofía. La filosofía como ciencia. La filosofía como arte (pensamiento filosófico)10aLa esencia de la Filosofía a2a. ed. 1aBuenos Aires :bLosadac1952 a192 p. aPrimera parte: Procedimiento histórico para la determinación de la esencia de la filosofía - I. Primeras determinaciones sobre el contenido general - II. Deducción histórica de los rasgos esenciales de la filosofía del complejo de los sistemas - III. Términos intermedios entre filosfía y religiosidad,literatura y poesía - Segunda parte: La esencia de la filosofía comprendida desde su posición en el mundo espiritual - I. Incorporación de la función de la filosofía en el complejo de la vida anímica,la sociedad y la historia - II. Teoría de la concepción del mundo.La religión y la poesía en sus relaciones con la filosofía - III. La concepción filosófica del mundo.El intento de elevar la concepción del mundo a validez universal - IV. Filosofía y ciencia - V. El concepto esencial de la filosofía.Perspectiva en su historia y su sistemática1 aDilthey, Wilhelm